Трехсторонняя логистика Монголии, России и Китая: современная практика, дискуссии и перспективы; Перспективы развития фундаментальных наук; Т. 5 : Экономика

Библиографические подробности
Источник:Перспективы развития фундаментальных наук=Prospects of Fundamental Sciences Development: сборник научных трудов XIII Международной конференции студентов, аспирантов и молодых ученых, г. Томск, 26-29 апреля 2016 г./ Национальный исследовательский Томский политехнический университет (ТПУ) ; под ред. И. А. Курзиной, Г. А. Вороновой.— , 2016
Т. 5 : Экономика.— 2016.— [С. 51-53]
Главный автор: Дэмчигжав М.
Автор-организация: Национальный исследовательский Томский политехнический университет (ТПУ) Институт социально-гуманитарных технологий (ИСГТ) Кафедра истории и философии науки и техники (ИФНТ)
Другие авторы: Агеева В. В. Вера Валентиновна (научный руководитель)
Примечания:Заглавие с титульного экрана
Russia, Mongolia and China have been the strategic partners in the field of international economic activity and customs affairs over the long time by virtue of historical and geopolitical traditions as well as development tendencies. This paper presents strategic pathways of development of economic, cargo-carrying and logistical, as well as customs partnership of the three countries in the 21st century under the conditions of globalization and international engagement.
Язык:русский
Опубликовано: 2016
Предметы:
Online-ссылка:http://earchive.tpu.ru/handle/11683/25975
Формат: Электронный ресурс Статья
Запись в KOHA:https://koha.lib.tpu.ru/cgi-bin/koha/opac-detail.pl?biblionumber=618069

MARC

LEADER 00000naa2a2200000 4500
001 618069
005 20231101133007.0
035 |a (RuTPU)RU\TPU\conf\16431 
035 |a RU\TPU\conf\16419 
090 |a 618069 
100 |a 20160519d2016 k y0rusy50 ca 
101 0 |a rus  |d eng 
102 |a RU 
105 |a y z 101zy 
135 |a drgn ---uucaa 
181 0 |a i  
182 0 |a b 
200 1 |a Трехсторонняя логистика Монголии, России и Китая: современная практика, дискуссии и перспективы  |d Trilateral logistics in Mongolia, China and Russia: modern practice discussion and perspectives  |f М. Дэмчигжав  |g науч. рук. В. В. Агеева 
203 |a Текст  |c электронный 
230 |a 1 компьютерный файл (pdf; 161 Кb) 
300 |a Заглавие с титульного экрана 
320 |a [Библиогр.: с. 53 (6 назв.)] 
330 |a Russia, Mongolia and China have been the strategic partners in the field of international economic activity and customs affairs over the long time by virtue of historical and geopolitical traditions as well as development tendencies. This paper presents strategic pathways of development of economic, cargo-carrying and logistical, as well as customs partnership of the three countries in the 21st century under the conditions of globalization and international engagement. 
461 1 |0 (RuTPU)RU\TPU\conf\16353  |t Перспективы развития фундаментальных наук  |l Prospects of Fundamental Sciences Development  |o сборник научных трудов XIII Международной конференции студентов, аспирантов и молодых ученых, г. Томск, 26-29 апреля 2016 г.   |o в 7 т.  |f Национальный исследовательский Томский политехнический университет (ТПУ) ; под ред. И. А. Курзиной, Г. А. Вороновой  |d 2016 
463 0 |0 (RuTPU)RU\TPU\conf\16358  |t Т. 5 : Экономика  |v [С. 51-53]  |d 2016 
510 1 |a Trilateral logistics in Mongolia, China and Russia: modern practice discussion and perspectives  |z eng 
610 1 |a труды учёных ТПУ 
610 1 |a электронный ресурс 
610 1 |a логистика 
610 1 |a Монголия 
610 1 |a Россия 
610 1 |a Китай 
610 1 |a практика 
610 1 |a дискуссии 
610 1 |a перспективы 
610 1 |a международная деятельность 
610 1 |a таможенное дело 
610 1 |a экономическая деятельность 
610 1 |a внешняя торговля 
700 1 |a Дэмчигжав  |b М. 
702 1 |a Агеева  |b В. В.  |c историк  |c доцент Томского политехнического университета, кандидат исторических наук  |f 1986-  |g Вера Валентиновна  |2 stltpush  |4 727 
712 0 2 |a Национальный исследовательский Томский политехнический университет (ТПУ)  |b Институт социально-гуманитарных технологий (ИСГТ)  |b Кафедра истории и философии науки и техники (ИФНТ)  |h 7618  |2 stltpush  |3 (RuTPU)RU\TPU\col\21252 
801 2 |a RU  |b 63413507  |c 20160625  |g RCR 
856 4 |u http://earchive.tpu.ru/handle/11683/25975 
942 |c BK